Identificación y conservación de fotografías (Registro nro. 22011)

Detalles MARC
000 -Cabecera
Campo de control interno 00864nam a2200265Ia 4500
005 - Fecha y hora del registro
control field 20260320113334.0
008 - Elementos de Longitud Fija
fixed length control field 260320s9999||||xx |||||||||||||| ||und||
020 ## - ISBN
ISBN 9788497047616
041 ## - Idioma
Codigo Idioma ESP
082 ## - DEWEY y NOTACIÓN INTERNA
Dewey 770.28
Notación Interna M44
100 ## - AUTOR
Autor denominación Mestre i Vergés, Jordi,
Término de relación autor
245 #0 - TÍTULO DE MATERIAL BIBLIOGRÁFICO
Título Identificación y conservación de fotografías
Título paralelo
246 ## - TÍTULO TRADUCIDO
Título
Título paralelo
Autor
250 ## - EDICIÓN
Edición Segunda edición
260 ## - CIUDAD, EDITORIAL, AÑO
Ciudad Gijón :
Nombre de la Editorial Ediciones Trea,
Año 2014
300 ## - DESCRIPCIÓN
N° Páginas 118 páginas :
Otros detalles fotografías ;
Dimensiones 22 cm.
Material Adicional
440 ## - MENCIÓN DE SERIE
Título de la Serie (Biblioteconomía y administración cultural
Número de Serie ; número 88)
Volumen de Serie
650 ## - TEMAS
Temas Las Artes
653 ## - DESCRIPTORES
Lenguajes no controlado Fotografía - Conservación
654 ## - PROGRAMAS
Programa Dpto. de Humanidades
700 ## - OTROS AUTORES
Otros autores
Títulos y otras palabras asociadas con el nombre
856 ## - URL - UBICACIÓN
URI/URL: Enlace exacto del recurso <a href="https://0u20fmxaw-y-https-research-ebsco-com.itmsp.museknowledge.com/c/qxo6us/search">https://0u20fmxaw-y-https-research-ebsco-com.itmsp.museknowledge.com/c/qxo6us/search</a>
Nota pública: Versión digital <a href="Véase además: Base de datos EBSCOhost">Véase además: Base de datos EBSCOhost</a>
942 ## - ELEMENTOS DE KOHA
Tipo de documento Libro
Nombre del creador Justo Noguera
Código de catalogador Margarita Torres
Esquema de clasificación Dewey Decimal Classification
Suppress in OPAC
Existencias
Codigo completo Registro Colección Copia número Disponibilidad Tipo de préstamo Biblioteca Actual Procedencia (Biblioteca) Ubicacón Fecha Ingreso Tipo de Adquisición Observación Date last seen Total checkouts Price effective from Tipo de Item Estado del Material Fuente de Clasificación Damaged status Withdrawn status
770.28 M44 1086580 Universidad Católica San Pablo 1 Disponible Disponible Víctor Andrés Belaunde Víctor Andrés Belaunde Segundo piso 10/03/2026 Compra Biblioteca 20/03/2026   20/03/2026 Libro Bueno Dewey Decimal Classification